00287nam a2200121Ia 450000100030000000800410000308200260004410000180007024500360008826000130012490100110013799900170014819241024s9999 xx 000 0 und d a[*SIN CLASIFICACION*] a[*SIN AUTOR*] 0aINAFOCAM. Boletín informativo bINAFOCAM a1/6/11 c12476d12476